Statistics for Girls in Maroon5 'Girls Like You' Video

Click here to take the quiz!

General Stats

  • This quiz has been taken 33 times
  • The average score is 6 of 26

Answer Stats

Famous Girl% Correct
Cardi B
79%
Camila Cabello
64%
Jennifer Lopez
57%
Ellen DeGeneres
54%
Millie Bobby Brown
54%
Gal Gadot
25%
Rita Ora
25%
Lilly Singh
21%
Alex Morgan
18%
Behati Prinsloo
18%
Aly Raisman
14%
Phoebe Robinson
14%
Sarah Silverman
14%
Tiffany Haddish
14%
Amani Al-Khatahtbeh
11%
Ashley Graham
11%
Beanie Feldstein
11%
Chloe Kim
11%
Franchesca Ramsey
11%
Mary J. Blige
11%
Angy Rivera
7%
Danica Patrick
7%
Elizabeth Banks
7%
Ilhan Omar
7%
Jackie Fielder
7%
Trace Lysette
7%

Score Distribution

Percentile by Number Answered

Percent of People with Each Score

Your Score History

You have not taken this quiz